Rosa Spagna 2010 - Statistics

Statistiche generali
  • Questo quiz è stato fatto 110 volte
  • Il punteggio medio è 15 su 23
Statistiche sulle risposte
Ruolo Club dell'epoca Calciatore % Corretto
Portiere Real Madrid Iker Casillas
100%
Barcellona Andrès Iniesta
97%
Real Madrid Sergio Ramos
96%
Barcellona Xavi
94%
Liverpool Fernando Torres
91%
Barcellona Carles Puyol
90%
Barcellona Gerard Pique
89%
Barcellona Sergio Busquets
86%
Barcellona David Villa
84%
Liverpool José Manuel Reina
84%
Barcellona Victor Valdés
84%
Arsenal Cesc Fabregas
74%
Centrocampista Real Madrid Xabi Alonso
70%
Barcellona Pedro
69%
Real Madrid Alvaro Arbeloa
50%
Difensore Real Madrid Raúl Albiol
40%
Valencia David Silva
37%
Villarreal Joan Capdevila
36%
Athletic Bilbao Fernando Llorente
34%
Siviglia Jesús Navas
34%
Attaccante Valencia Juan Mata
22%
Atheletic Bilbao Javi Martínez
14%
Valencia Carlos Marchena
12%
Nessun quiz corrispondente trovato
Distribuzione punteggi
Percentuale di utenti per punteggio
Percentile per numero di risposta
I tuoi punteggi nel tempo
Non hai fatto questo quiz